000 00715cam a2200229 4500
001 ABS62902
008 000000n2000 000 0 eng u
035 _a(Sirsi) u108697
100 _aMajor, I.
245 _aCan statutory clauses in leases be enforced?
260 _c2000
490 _aThe Valuer
_v69(5) September/October 2000, 6-7(2)
520 _aConsiders the effects of statutory clauses in leases and dilapidation claims. Covers duty on employers, EU directives, and enforceability.
590 _aABS
650 _aDilapidations
_96235
650 _aSTATUTORY CLAUSES
650 _aLEASES
650 _aLIABILITY
650 _aDISREPAIR
690 _aLANDLORD AND TENANT-LEASES
942 _n0
999 _c64889
_d64889